<The> economics of enough how to run the economy as if the future matters

Saved in:
Bibliographic Details
Main Author: Coyle, Diane
Format: Book
Language:English
Published: Princeton Princeton University Press 2011
Subjects:
Tags: Add Tag
No Tags, Be the first to tag this record!

MARC

LEADER 00000nam a2200000 4500
001 0167792
005 20230109114504.7
020 |a 978-0-691-15629-3 
020 |a 978-0-691-14518-1 
041 0 |a eng 
044 |a US 
245 1 0 |a <The> economics of enough  |b how to run the economy as if the future matters  |c Diane Coyle 
264 1 |a Princeton  |b Princeton University Press  |c 2011 
300 |a 346 s. 
610 2 0 |a politika hospodárska 
610 2 0 |a blahobyt 
610 2 0 |a hodnota 
100 1 |a Coyle, Diane